| 000 | 00604nam a2200181 u 4500 | ||
|---|---|---|---|
| 001 | 000020412 | ||
| 005 | 20200929170416.0 | ||
| 008 | 100813s2015 dr 000 0 spa d | ||
| 020 | _a9789945886337 | ||
| 040 |
_aDO-SdBNP _bspa _cBNPHU |
||
| 082 |
_axxxxxxxx _bxxxxxxxx |
||
| 100 | 1 |
_aGalan Gómez, María de, _943079 |
|
| 245 | 1 | 0 |
_aReparadores de portillos / _cMaría Galan Gómez ; prólogo Cesario Tejada. |
| 260 |
_aSanto Domingo, : _bRobiou, _c2015. |
||
| 300 |
_a105 p. ; _c21 cm. |
||
| 500 | _aIncluye datos biográficos del autor en la contracubierta | ||
| 700 | 1 |
_aTejada, Cesario, _epról. _943080 |
|
| 999 |
_c19916 _d19916 |
||